000 00407pab a2200145 454500
008 180718b1985 xxu||||| |||| 00| 0 eng d
100 _aThandavan, R.
245 _aAIADMK in Tamil Nadu
_bIts emergence and unprecedented growth
260 _c1985
300 _a53-85
362 _aDec.
650 _aPolitical Parties - India - Tamil Nadu
773 _aIndian Journal of Political Studies
909 _a15321
999 _c15321
_d15321